00873nam a22001817a 450000100060000000300060000600500170001200800410002904000290007008200100009910000130010924500270012230000490014952003370019894200170053599900170055295201220056910089FISKH20260407114351.0260407b cb ||||| |||| 00| 0 eng d aFISKHbchicFISKHdFISKH a495.1 a(孙蓓) a春天到 /cBy 孙蓓 a20 pages : bcolor illustrations ;c21 cm .  a《春天到》是一本面向小学二年级学生的汉语分级读物。故事通过生动的画面和简单的语言,描绘了春天来临时大自然的变化,如花开、树绿、小动物活动等。 本书帮助学生认识与春天相关的词汇和句子,提高阅读能力,同时感受春天的美丽与生机。 2ddccBOOKn0 c10089d10089 00102ddc40708REFa002b002cLSHTTPd2026-04-07l0o孙蓓 495.1p2026-0461r2026-04-07 11:43:48w2026-04-07yBOOK